Statistiques concernant Epreuves du pentathlon

Cliquez ici pour prendre le quiz!

Statistiques générales

  • Ce quiz a été pris 15 fois
  • Le résultat moyen est 14 sur 20

Statistiques - réponses

HintRéponse% Correct
Epreuves militairesCourse
93%
Epreuves modernesCourse
93%
Epreuves antiquesCourse (un tour de stade)
93%
Epreuves modernesEquitation
93%
Epreuves antiquesLancer du javelot
93%
Epreuves athlétismeSaut en hauteur
93%
Epreuves athlétismeLancer du poids
87%
Epreuves militairesTir
87%
Epreuves modernesTir au pistolet
87%
Epreuves modernesNatation
80%
Epreuves militairesNatation (avec obstacles)
80%
Epreuves athlétismeSaut en longueur
80%
Epreuves antiquesSaut en longueur
80%
Epreuves antiquesLancer du disque
73%
Epreuves modernesEscrime
67%
Epreuves antiquesLutte
60%
Epreuves athlétisme60 mètres haies
53%
Epreuves militairesCourse d'obstacles
27%
Epreuves athlétisme800 mètres
20%
Epreuves militairesJet de grenades
0%

Distribution des résultats

Percentile par nombre de réponses

% des personnes avec chaque résultat

Votre développement - résultats

Vous n’avez pas pris ce quiz